O controle político da reforma constitucional : (Record no. 168)

MARC details
000 -LÍDER
Campo Fixo de Controle 00764cam a2200229 a 4500
001 - NÚMERO DE CONTROLE
Campo de Controle 168
003 - IDENTIFICAÇÃO DO NÚMERO DE CONTROLE
Campo de Controle BR-CuiBMT
005 - DATA E HORA DA ÚLTIMA ATUALIZAÇÃO
Campo de Controle 20231028183045.0
008 - DADOS FIXOS
Dados Fixos 230823s2022 mgba 000 0 por d
020 ## - INTERNATIONAL STANDARD BOOK NUMBER
Nº do ISBN 9786555182415
040 ## - AGÊNCIA CATALOGADORA
Código da Agência Catalogadora BR-CuiBMT
Agência que transcreveu o registro BR-CuiBMT
080 ## - Nº DA CLASSIFICAÇÃO DECIMAL UNIVERSAL
Nº edição CDU 2007
Nº Class. CDU 342
090 ## - NÚMERO DE CHAMADA
Nº classificação 342
Cutter N456c
100 1# - ENTRADA PRINCIPAL -- AUTOR PESSOAL
Nome pessoal Nery, Bárbara Brum
245 12 - TÍTULO PRINCIPAL
Título principal O controle político da reforma constitucional :
Subtítulo uma análise do papel do parlamentar na garantia da juridicidade da constituição /
Indicação de responsabilidade Bárbara Brum Nery ; prefácio Álvaro Ricardo de Souza Cruz.
260 ## - PUBLICAÇÃO, DISTRIBUIÇÃO, ETC.
Local de publicação Belo Horizonte :
Editora Fórum,
Data 2022.
300 ## - DESCRIÇÃO FÍSICA
N. páginas ou volumes 240 p. :
Ilustrações il. ;
Dimensões 22 cm
504 ## - NOTA DE BIBLIOGRAFIA, ETC.
Nota de bibliografia Inclui bibliografia.
650 ## - ASSUNTO TÓPICO
Cabeçalho tópico ou nome geográfico Direito constitucional
650 ## - ASSUNTO TÓPICO
Cabeçalho tópico ou nome geográfico Ciência política
942 ## - ELEMENTOS DE ENTRADA ADICIONAIS (KOHA)
Fonte de classificação ou esquema de arquivamento Classificação Decimal Universal
Tipo de item do Koha Livros
Holdings
Estado: removido Estado: perdido Fonte de classificação ou esquema de arquivamento Estado: danificado Indisponível para empréstimo Localização permanente Localização atual Data de aquisição Total Checkouts Número de Chamada completo Código de barras Date last seen Número do exemplar Preço efetivo a partir de Tipo de item (Koha)
    Classificação Decimal Universal     Biblioteca da Escola Superior de Contas do TCE/MT Biblioteca da Escola Superior de Contas do TCE/MT 28/07/2023   342 N456c BIBTCEMT23080145 23/08/2023 Ex. 1 23/08/2023 Livros

Powered by Koha